000 00620nam a22001817a 4500
003 UA-OsUOA
001 14617
007 ta
008 20031013b un ||||| |||| 00| 0 ukr d
100 _aГалик О.
942 _cSA
040 _aUA-OsUOA
_cUA-OsUOA
_dUA-OsUOA
245 _aВ авангарді освіти Здолбунівщини [працює начальник освіти Здолбунів. район. держ. адміністрації В.І.Гершун]
300 _aС.5
955 _a0
773 0 _w0
_tВільне слово
_dРівне
_d2003
_g№78/79
650 7 _aГершун В.І.
_2UDC
999 _c300781
_d300781